000 00506nam a2200205Ia 4500
001 13480
003 GE_BSU
008 181216s||||||||xx |||||||||||||| ||und||
020 _a1843092794
040 _cGE_BSU
080 _a646/649
100 _aLawrence,Mike
245 4 _aThe Complete Decorating and Home improvement Books
260 _aLondon
260 _bHermes House
260 _c2001
300 _a255p.ill.30cm.
653 _aThe Complete Decorating and Home improvement Books
942 _cBK
999 _c46640
_d46640